[Event "Charlesbourg Keres"]
[Site "Charlesbourg CAN"]
[Date "2007.04.23"]
[Round "4"]
[White "Dupuis, Sebastien"]
[Black "Boulianne, Gabriel"]
[Result "0-1"]
[WhiteElo "1073"]
[BlackElo "1454"]
[PlyCount "66"]
[GameId "2160767910701508"]
[EventDate "2007.04.??"]
[EventType "swiss"]
[EventRounds "5"]
[EventCountry "CAN"]
[SourceTitle "EXT 2022"]
[Source "ChessBase"]
[SourceDate "2021.10.06"]
[SourceVersion "1"]
[SourceVersionDate "2021.10.06"]
[SourceQuality "1"]

1. e4 e5 2. Nf3 Nc6 3. Bb5 a6 4. Ba4 Nf6 5. d3 d6 6. O-O Be7 7. c3 O-O 8. Re1 Bd7 9. d4 exd4 10. cxd4 Re8 11. Nc3 h6 12. e5 dxe5 13. dxe5 Nh7 14. Bb3 Nf8 15. Bf4 Ng6 16. Nd5 Nxf4 17. Nxf4 Bb4 18. Re3 Bg4 19. Qd3 Bxf3 20. Bxf7+ Kxf7 21. e6+ Kg8 22. Rxf3 Ne5 23. Qe4 Nxf3+ 24. Qxf3 Rf8 25. g3 Bd6 26. Re1 Qe7 27. Re4 Bxf4 28. gxf4 Rf6 29. f5 Raf8 30. Rf4 g5 31. Qg4 Kh7 32. Rf3 Rxf5 33. Rxf5 Qxe6 0-1

[Event "Charlesbourg Keres"]
[Site "Charlesbourg CAN"]
[Date "2007.04.23"]
[Round "4"]
[White "Laflamme, Simon"]
[Black "Lapierre, Gaetan"]
[Result "1-0"]
[WhiteElo "1934"]
[BlackElo "1914"]
[PlyCount "49"]
[GameId "2160767910701509"]
[EventDate "2007.04.??"]
[EventType "swiss"]
[EventRounds "5"]
[EventCountry "CAN"]
[SourceTitle "EXT 2022"]
[Source "ChessBase"]
[SourceDate "2021.10.06"]
[SourceVersion "1"]
[SourceVersionDate "2021.10.06"]
[SourceQuality "1"]

1. e4 c5 2. Nf3 Nc6 3. d4 cxd4 4. Nxd4 Nf6 5. Nc3 d6 6. Bc4 e6 7. Bb3 Be7 8. Be3 a6 9. Qe2 Bd7 10. O-O-O O-O 11. Rhg1 Na5 12. g4 Nxb3+ 13. axb3 Bc6 14. g5 Nd7 15. Qh5 g6 16. Qe2 Rc8 17. h4 b5 18. h5 Bb7 19. f3 b4 20. hxg6 bxc3 21. gxf7+ Kxf7 22. Qh2 cxb2+ 23. Kxb2 Nc5 24. Qh5+ Kg7 25. g6 1-0

[Event "Charlesbourg Keres"]
[Site "Charlesbourg CAN"]
[Date "2007.04.23"]
[Round "4"]
[White "Plante, Rejean"]
[Black "Filiatreault, Michel"]
[Result "1-0"]
[WhiteElo "2068"]
[BlackElo "1869"]
[PlyCount "87"]
[GameId "2160767910701510"]
[EventDate "2007.04.??"]
[EventType "swiss"]
[EventRounds "5"]
[EventCountry "CAN"]
[SourceTitle "EXT 2022"]
[Source "ChessBase"]
[SourceDate "2021.10.06"]
[SourceVersion "1"]
[SourceVersionDate "2021.10.06"]
[SourceQuality "1"]

1. d4 Nf6 2. c4 e6 3. Nf3 d5 4. g3 c6 5. Bg2 Bb4+ 6. Bd2 Bxd2+ 7. Nbxd2 O-O 8. O-O Nbd7 9. Rc1 Re8 10. b4 dxc4 11. Nxc4 Qe7 12. Qb3 Ne4 13. Rfd1 Nd6 14. Nce5 f6 15. Nd3 a5 16. a3 axb4 17. axb4 Nb5 18. e3 Ra3 19. Qb2 Nb6 20. Bf1 Na4 21. Qc2 Nac3 22. Re1 Bd7 23. Nc5 b6 24. Nxd7 Qxd7 25. Bxb5 Nxb5 26. Qxc6 Qxc6 27. Rxc6 Rb3 28. Rxb6 Nc3 29. Nd2 Rb2 30. Nc4 Rc2 31. Nd6 Ra8 32. Kg2 h6 33. Rc6 Raa2 34. Rf1 Nd5 35. Rxc2 Rxc2 36. Rb1 Nxe3+ 37. Kf3 Nc4 38. Nxc4 Rxc4 39. Ke3 Kf7 40. Kd3 Rc7 41. b5 Ke7 42. b6 Rb7 43. Kc4 Kd6 44. Kb5 1-0

[Event "Charlesbourg Keres"]
[Site "Charlesbourg CAN"]
[Date "2007.04.30"]
[Round "5"]
[White "Boulianne, Gabriel"]
[Black "Bluteau, Yvon"]
[Result "1-0"]
[WhiteElo "1454"]
[BlackElo "1824"]
[PlyCount "91"]
[GameId "2160767910701511"]
[EventDate "2007.04.??"]
[EventType "swiss"]
[EventRounds "5"]
[EventCountry "CAN"]
[SourceTitle "EXT 2022"]
[Source "ChessBase"]
[SourceDate "2021.10.06"]
[SourceVersion "1"]
[SourceVersionDate "2021.10.06"]
[SourceQuality "1"]

1. d4 Nf6 2. c4 e6 3. Nf3 b6 4. g3 Bb7 5. Bg2 d5 6. O-O Be7 7. Ne5 Nbd7 8. Qa4 O-O 9. cxd5 exd5 10. Nc6 Qe8 11. Nc3 Nb8 12. Nxe7+ Qxe7 13. Bf4 Na6 14. Nxd5 Nxd5 15. Bxd5 Bxd5 16. Qxa6 Qe4 17. f3 Qxd4+ 18. Kg2 Bc4 19. Qa4 Rfe8 20. Rfe1 b5 21. Qc2 Qf6 22. b3 Bxe2 23. Rac1 g5 24. Rxe2 Rxe2+ 25. Qxe2 gxf4 26. Rxc7 fxg3 27. hxg3 a6 28. Qe4 Rd8 29. Qg4+ Kh8 30. Rc8 Qd6 31. Qf5 Qd2+ 32. Kh3 Qh6+ 33. Kg4 Qg7+ 34. Kf4 Qd4+ 35. Kg5 h6+ 36. Kh5 Rxc8 37. Qxc8+ Kg7 38. Qg4+ Qxg4+ 39. Kxg4 Kg6 40. b4 f5+ 41. Kf4 h5 42. Ke5 Kg5 43. a3 f4 44. gxf4+ Kh6 45. Kf5 h4 46. Kg4 1-0

[Event "Charlesbourg Keres"]
[Site "Charlesbourg CAN"]
[Date "2007.04.30"]
[Round "5"]
[White "Lapierre, Gaetan"]
[Black "Arteau, Benoit"]
[Result "1-0"]
[WhiteElo "1914"]
[BlackElo "1787"]
[PlyCount "61"]
[GameId "2160767910701512"]
[EventDate "2007.04.??"]
[EventType "swiss"]
[EventRounds "5"]
[EventCountry "CAN"]
[SourceTitle "EXT 2022"]
[Source "ChessBase"]
[SourceDate "2021.10.06"]
[SourceVersion "1"]
[SourceVersionDate "2021.10.06"]
[SourceQuality "1"]

1. d4 Nf6 2. c4 e6 3. Nc3 Bb4 4. Bd2 Nc6 5. a3 Be7 6. d5 exd5 7. cxd5 Ne5 8. e4 d6 9. h3 O-O 10. Qc2 Ne8 11. g4 c6 12. O-O-O cxd5 13. exd5 f5 14. f4 Ng6 15. g5 Bd7 16. Kb1 Rc8 17. Qb3 Qc7 18. h4 Bd8 19. Be3 a6 20. Nf3 b5 21. Nd4 Kh8 22. Bg2 Qc4 23. Qxc4 Rxc4 24. h5 Ne7 25. Ne6 Bxe6 26. dxe6 Ba5 27. Nd5 Bd8 28. Rc1 Rxc1+ 29. Rxc1 Nxd5 30. Bxd5 Nc7 31. e7 1-0

[Event "Charlesbourg Keres"]
[Site "Charlesbourg CAN"]
[Date "2007.05.02"]
[Round "5"]
[White "Plante, Rejean"]
[Black "Laflamme, Simon"]
[Result "1/2-1/2"]
[WhiteElo "2068"]
[BlackElo "1934"]
[PlyCount "63"]
[GameId "2160767910701513"]
[EventDate "2007.04.??"]
[EventType "swiss"]
[EventRounds "5"]
[EventCountry "CAN"]
[SourceTitle "EXT 2022"]
[Source "ChessBase"]
[SourceDate "2021.10.06"]
[SourceVersion "1"]
[SourceVersionDate "2021.10.06"]
[SourceQuality "1"]

1. d4 Nf6 2. c4 g6 3. g3 Bg7 4. Bg2 d5 5. cxd5 Nxd5 6. e4 Nb6 7. Ne2 c5 8. d5 O-O 9. Nbc3 Bg4 10. f3 Bd7 11. O-O Na6 12. f4 c4 13. Be3 Rc8 14. e5 Nb4 15. Nd4 Be8 16. d6 exd6 17. Bxb7 Rc7 18. Be4 dxe5 19. fxe5 Bxe5 20. Ndb5 Bxb5 21. Qxd8 Rxd8 22. Nxb5 Rcd7 23. Nxa7 N6d5 24. Bxd5 Nxd5 25. Nc6 Nxe3 26. Nxe5 Nxf1 27. Nxd7 Rxd7 28. Rxf1 Rd2 29. Rf2 Rd1+ 30. Kg2 Ra1 31. a3 c3 32. bxc3 1/2-1/2

[Event "Charlesbourg Khalif"]
[Site "Charlesbourg CAN"]
[Date "2007.02.19"]
[Round "1"]
[White "Champetier, Serge"]
[Black "Servant, Michel"]
[Result "1-0"]
[WhiteElo "2096"]
[BlackElo "1669"]
[PlyCount "37"]
[GameId "2160767910718353"]
[EventDate "2007.02.19"]
[EventType "swiss"]
[EventRounds "5"]
[EventCountry "CAN"]
[SourceTitle "EXT 2022"]
[Source "ChessBase"]
[SourceDate "2021.10.06"]
[SourceVersion "1"]
[SourceVersionDate "2021.10.06"]
[SourceQuality "1"]

1. e4 c5 2. Nc3 e6 3. f4 Nc6 4. Nf3 a6 5. a4 Qc7 6. Bc4 d6 7. O-O Nf6 8. d3 Be7 9. Qe1 Bd7 10. e5 dxe5 11. fxe5 Ng4 12. Qg3 Ncxe5 13. Nxe5 Nxe5 14. Bf4 Bd6 15. Ne4 Nxc4 16. Bxd6 Nxd6 17. Nxd6+ Ke7 18. Rxf7+ Kd8 19. Qg5# 1-0

[Event "Charlesbourg Khalif"]
[Site "Charlesbourg CAN"]
[Date "2007.02.19"]
[Round "1"]
[White "Cournoyer, Dominic"]
[Black "Gagnon, Alain"]
[Result "1-0"]
[WhiteElo "1839"]
[BlackElo "1517"]
[PlyCount "87"]
[GameId "2160767910718354"]
[EventDate "2007.02.19"]
[EventType "swiss"]
[EventRounds "5"]
[EventCountry "CAN"]
[SourceTitle "EXT 2022"]
[Source "ChessBase"]
[SourceDate "2021.10.06"]
[SourceVersion "1"]
[SourceVersionDate "2021.10.06"]
[SourceQuality "1"]

1. c4 c5 2. Nf3 b6 3. g3 Bb7 4. Bg2 Nc6 5. O-O Nf6 6. Nc3 d6 7. d4 Nxd4 8. Nxd4 Bxg2 9. Kxg2 cxd4 10. Qxd4 e6 11. b3 Be7 12. Bb2 Qc7 13. Rfd1 Qc6+ 14. f3 O-O 15. Rac1 Rad8 16. Nb5 a6 17. Nc3 Rd7 18. Na4 Rb8 19. e4 d5 20. cxd5 Qb7 21. Nc3 Bc5 22. Qc4 exd5 23. Nxd5 Nxd5 24. Rxd5 Bf8 25. Qc6 Qxc6 26. Rxc6 Rxd5 27. exd5 Rd8 28. Kf1 Bc5 29. Ke2 f6 30. b4 Bxb4 31. Rxb6 Be7 32. Rxa6 Rxd5 33. Bc3 Kf7 34. Ra7 Ke8 35. a3 Rd7 36. Rxd7 Kxd7 37. Bb4 Bd8 38. Kd3 Kc6 39. h3 g6 40. g4 Bc7 41. Ke4 Be5 42. a4 Bc7 43. Be7 Be5 44. g5 1-0

[Event "Charlesbourg Khalif"]
[Site "Charlesbourg CAN"]
[Date "2007.02.19"]
[Round "1"]
[White "Monga, Alain"]
[Black "Plante, Rejean"]
[Result "0-1"]
[WhiteElo "1678"]
[BlackElo "2108"]
[PlyCount "64"]
[GameId "2160767910718355"]
[EventDate "2007.02.19"]
[EventType "swiss"]
[EventRounds "5"]
[EventCountry "CAN"]
[SourceTitle "EXT 2022"]
[Source "ChessBase"]
[SourceDate "2021.10.06"]
[SourceVersion "1"]
[SourceVersionDate "2021.10.06"]
[SourceQuality "1"]

1. e4 c5 2. Nf3 e6 3. d4 cxd4 4. Nxd4 a6 5. Nc3 Qc7 6. Bg5 Nc6 7. Nxc6 Qxc6 8. Qd4 b5 9. O-O-O Bb7 10. f3 Rc8 11. Rd2 f6 12. Bh4 Bc5 13. Qd3 Ne7 14. Bg3 b4 15. Nd1 d5 16. exd5 Nxd5 17. Qe4 O-O 18. Bc4 Rcd8 19. Re1 Rfe8 20. Bd3 f5 21. Qh4 Be7 22. Qc4 Qxc4 23. Bxc4 Bg5 24. f4 Nxf4 25. Rxd8 Rxd8 26. Kb1 Nxg2 27. Bxe6+ Kh8 28. Rg1 f4 29. Bf2 Bf3 30. Bh3 Ne3 31. Nxe3 fxe3 32. Bg3 e2 0-1

[Event "Charlesbourg Khalif"]
[Site "Charlesbourg CAN"]
[Date "2007.02.19"]
[Round "1"]
[White "Skakni, Ismael"]
[Black "Fecteau, Martin"]
[Result "0-1"]
[WhiteElo "1668"]
[BlackElo "2022"]
[PlyCount "92"]
[GameId "2160767910718356"]
[EventDate "2007.02.19"]
[EventType "swiss"]
[EventRounds "5"]
[EventCountry "CAN"]
[SourceTitle "EXT 2022"]
[Source "ChessBase"]
[SourceDate "2021.10.06"]
[SourceVersion "1"]
[SourceVersionDate "2021.10.06"]
[SourceQuality "1"]

1. d4 d5 2. Nf3 Nf6 3. c4 e6 4. Nc3 c6 5. e3 Bd6 6. Bd3 Nbd7 7. c5 Bc7 8. e4 dxe4 9. Nxe4 Nxe4 10. Bxe4 Ba5+ 11. Bd2 Bxd2+ 12. Qxd2 Qf6 13. Qg5 O-O 14. O-O h6 15. Qxf6 Nxf6 16. Rfe1 Nxe4 17. Rxe4 f6 18. Kf1 Bd7 19. Rae1 Rad8 20. b4 Bc8 21. a4 Rd5 22. b5 Bd7 23. Rb1 e5 24. Rb4 Bf5 25. Re3 cxb5 26. axb5 exd4 27. Nxd4 Rxc5 28. Nxf5 Rxf5 29. Ra3 Ra8 30. Rc3 Re5 31. Rc7 Rae8 32. g3 R8e7 33. b6 axb6 34. Rc8+ Re8 35. Rxe8+ Rxe8 36. Rxb6 Re7 37. h4 Kf7 38. g4 Ke8 39. g5 hxg5 40. hxg5 fxg5 41. Rb5 Kd8 42. Rxg5 Kc7 43. Kg2 Kc6 44. Rg6+ Kc5 45. Rg5+ Kb4 46. Rg4+ Ka5 0-1

[Event "Charlesbourg Khalif"]
[Site "Charlesbourg CAN"]
[Date "2007.02.19"]
[Round "2"]
[White "Bluteau, Yvon"]
[Black "Beaudoin, Stephane"]
[Result "0-1"]
[WhiteElo "1837"]
[BlackElo "1995"]
[PlyCount "74"]
[GameId "2160767910718357"]
[EventDate "2007.02.19"]
[EventType "swiss"]
[EventRounds "5"]
[EventCountry "CAN"]
[SourceTitle "EXT 2022"]
[Source "ChessBase"]
[SourceDate "2021.10.06"]
[SourceVersion "1"]
[SourceVersionDate "2021.10.06"]
[SourceQuality "1"]

1. d4 Nf6 2. Nf3 g6 3. Bf4 Bg7 4. Nc3 O-O 5. Qd2 d6 6. Bh6 c5 7. Bxg7 Kxg7 8. e4 cxd4 9. Nxd4 Nc6 10. Be2 Qb6 11. O-O-O Bd7 12. f3 Rac8 13. Nxc6 Rxc6 14. Bb5 Rxc3 15. Bxd7 Rc4 16. Bh3 Qc7 17. Rhe1 b5 18. Kb1 Rb8 19. g3 a5 20. Bf1 Rc5 21. h4 b4 22. Rc1 Qb6 23. Red1 a4 24. Qd4 Qc7 25. g4 Kg8 26. Be2 Rc8 27. Ba6 Ra8 28. Be2 Qa5 29. Qd2 a3 30. b3 Rc3 31. g5 Nd7 32. h5 Rac8 33. hxg6 hxg6 34. Rh1 Qe5 35. Bd3 Nc5 36. f4 Qg7 37. Qh2 Nxd3 0-1

[Event "Charlesbourg Khalif"]
[Site "Charlesbourg CAN"]
[Date "2007.02.19"]
[Round "2"]
[White "Caron, Sebastien"]
[Black "Champetier, Serge"]
[Result "1/2-1/2"]
[WhiteElo "1885"]
[BlackElo "2096"]
[PlyCount "50"]
[GameId "2160767910718358"]
[EventDate "2007.02.19"]
[EventType "swiss"]
[EventRounds "5"]
[EventCountry "CAN"]
[SourceTitle "EXT 2022"]
[Source "ChessBase"]
[SourceDate "2021.10.06"]
[SourceVersion "1"]
[SourceVersionDate "2021.10.06"]
[SourceQuality "1"]

1. e4 c5 2. Nf3 d6 3. d4 cxd4 4. Nxd4 Nf6 5. Nc3 g6 6. f3 Bg7 7. Be3 O-O 8. Qd2 Nc6 9. O-O-O Bd7 10. Be2 Rb8 11. g4 Nxd4 12. Bxd4 Qa5 13. Kb1 Rfc8 14. Nd5 Qxd2 15. Nxf6+ Bxf6 16. Rxd2 Bg5 17. Rdd1 Be6 18. e5 Bf4 19. exd6 Bxd6 20. h4 h6 21. Be3 Kg7 22. Bd4+ Kf8 23. Be3 Kg7 24. Bd4+ Kf8 25. Be3 Kg7 1/2-1/2

[Event "Charlesbourg Khalif"]
[Site "Charlesbourg CAN"]
[Date "2007.02.19"]
[Round "2"]
[White "Fecteau, Martin"]
[Black "Cournoyer, Dominic"]
[Result "1-0"]
[WhiteElo "2022"]
[BlackElo "1839"]
[PlyCount "95"]
[GameId "2160767910718359"]
[EventDate "2007.02.19"]
[EventType "swiss"]
[EventRounds "5"]
[EventCountry "CAN"]
[SourceTitle "EXT 2022"]
[Source "ChessBase"]
[SourceDate "2021.10.06"]
[SourceVersion "1"]
[SourceVersionDate "2021.10.06"]
[SourceQuality "1"]

1. d4 f5 2. c4 Nf6 3. Nc3 e6 4. g3 d5 5. Bg2 c6 6. cxd5 cxd5 7. Nf3 Nc6 8. O-O Be7 9. Bf4 Nh5 10. Bd2 O-O 11. e3 Nf6 12. Qe2 Bd7 13. Rfd1 Be8 14. Ng5 Qd7 15. Nh3 Bh5 16. f3 h6 17. Nf4 Bf7 18. Nd3 Qe8 19. Re1 Nb4 20. Rac1 Nxd3 21. Qxd3 Rc8 22. Ne2 Qd7 23. Bc3 Rc7 24. Qd2 Rfc8 25. Nf4 Qd8 26. Nd3 Nd7 27. Ba5 b6 28. Rxc7 Rxc7 29. Bc3 Bg5 30. h4 Be7 31. e4 fxe4 32. fxe4 g5 33. exd5 exd5 34. Qe3 Bf6 35. Ne5 Nxe5 36. dxe5 Re7 37. Qf2 Bg7 38. hxg5 hxg5 39. Qf5 d4 40. Bb4 Re6 41. Bd6 Rh6 42. e6 Bg6 43. Qd5 Kh8 44. e7 Qd7 45. Rf1 Bd3 46. Rf8+ Kh7 47. Qg8+ Kg6 48. e8=Q+ 1-0

[Event "Charlesbourg Khalif"]
[Site "Charlesbourg CAN"]
[Date "2007.02.19"]
[Round "2"]
[White "Lapierre, Gaetan"]
[Black "Chiffot, Nicolas"]
[Result "1/2-1/2"]
[WhiteElo "1947"]
[BlackElo "1804"]
[PlyCount "90"]
[GameId "2160767910718360"]
[EventDate "2007.02.19"]
[EventType "swiss"]
[EventRounds "5"]
[EventCountry "CAN"]
[SourceTitle "EXT 2022"]
[Source "ChessBase"]
[SourceDate "2021.10.06"]
[SourceVersion "1"]
[SourceVersionDate "2021.10.06"]
[SourceQuality "1"]

1. e4 e6 2. d3 c5 3. Nf3 Nc6 4. Be2 Qc7 5. O-O Nf6 6. Re1 d5 7. Bf1 dxe4 8. dxe4 Be7 9. c3 O-O 10. h3 b6 11. Qc2 Bb7 12. Bg5 Rad8 13. Nbd2 Rd7 14. e5 Nd5 15. Bxe7 Ndxe7 16. Bd3 Ng6 17. Bxg6 hxg6 18. Qe4 Nd4 19. Qh4 Nxf3+ 20. Nxf3 Bxf3 21. gxf3 Rfd8 22. Qg3 Rd3 23. Re4 Qc6 24. Kg2 Qxe4 25. fxe4 Rxg3+ 26. Kxg3 Rd2 27. Rb1 Kh7 28. a4 c4 29. Kf3 Kh6 30. Ke3 Rd3+ 31. Ke2 Kg5 32. a5 b5 33. a6 Kf4 34. Rg1 Kxe4 35. f3+ Kd5 36. h4 Kc6 37. h5 gxh5 38. Rxg7 Rd7 39. Rh7 Kb6 40. Ke3 Kxa6 41. f4 Kb6 42. Ke4 a5 43. f5 Kc6 44. Rxh5 exf5+ 45. Kxf5 Kd5 1/2-1/2

[Event "Charlesbourg Khalif"]
[Site "Charlesbourg CAN"]
[Date "2007.02.19"]
[Round "2"]
[White "Plante, Rejean"]
[Black "Laflamme, Simon"]
[Result "0-1"]
[WhiteElo "2108"]
[BlackElo "1938"]
[PlyCount "62"]
[GameId "2160767910718361"]
[EventDate "2007.02.19"]
[EventType "swiss"]
[EventRounds "5"]
[EventCountry "CAN"]
[SourceTitle "EXT 2022"]
[Source "ChessBase"]
[SourceDate "2021.10.06"]
[SourceVersion "1"]
[SourceVersionDate "2021.10.06"]
[SourceQuality "1"]

1. d4 Nf6 2. c4 g6 3. g3 Bg7 4. Bg2 O-O 5. Nf3 d6 6. O-O c5 7. Nc3 Nc6 8. d5 Na5 9. Nd2 Rb8 10. Qc2 a6 11. b3 b5 12. Bb2 Bh6 13. cxb5 axb5 14. Rae1 Bg7 15. e4 Ba6 16. Nd1 b4 17. Nc4 Nxc4 18. bxc4 Qa5 19. Ne3 Nd7 20. Bxg7 Kxg7 21. f4 f6 22. Bh3 Nb6 23. e5 Qa3 24. exf6+ exf6 25. f5 g5 26. Qb3 Qa5 27. Bg4 Rfe8 28. Bd1 Re7 29. Qd3 Rbe8 30. Bb3 Nd7 31. Qd1 Rxe3 0-1

[Event "Charlesbourg Khalif"]
[Site "Charlesbourg CAN"]
[Date "2007.02.26"]
[Round "3"]
[White "Beaudoin, Stephane"]
[Black "Fecteau, Martin"]
[Result "1-0"]
[WhiteElo "1979"]
[BlackElo "2022"]
[PlyCount "83"]
[GameId "2160767910718362"]
[EventDate "2007.02.19"]
[EventType "swiss"]
[EventRounds "5"]
[EventCountry "CAN"]
[SourceTitle "EXT 2022"]
[Source "ChessBase"]
[SourceDate "2021.10.06"]
[SourceVersion "1"]
[SourceVersionDate "2021.10.06"]
[SourceQuality "1"]

1. e4 e5 2. Bc4 Nf6 3. d3 Bc5 4. Nf3 d6 5. O-O O-O 6. c3 c6 7. Nbd2 d5 8. Bb3 Nbd7 9. h3 Bd6 10. Re1 Nc5 11. Bc2 dxe4 12. dxe4 b5 13. Nf1 h6 14. Ng3 Re8 15. Qe2 Qc7 16. Nh4 Be6 17. Nhf5 Bf8 18. Qf3 Ncd7 19. Be3 Kh7 20. Rad1 g6 21. Nh4 Bg7 22. Rd2 Rad8 23. b3 Kg8 24. Red1 Nh7 25. Qe2 Nb6 26. Nf3 Nf8 27. Bc5 Nc8 28. Qe3 Rxd2 29. Qxd2 Nd7 30. Be3 Kh7 31. Nf5 Bxf5 32. exf5 Nf6 33. fxg6+ fxg6 34. Nh2 Nd5 35. Ng4 Nxe3 36. Nxe3 Re7 37. Be4 Re6 38. Qd7 Re7 39. Qg4 Kg8 40. Qxg6 Rf7 41. Nf5 Ne7 42. Nxh6+ 1-0

[Event "Charlesbourg Khalif"]
[Site "Charlesbourg CAN"]
[Date "2007.02.26"]
[Round "3"]
[White "Cournoyer, Dominic"]
[Black "Skakni, Ismael"]
[Result "1-0"]
[WhiteElo "1839"]
[BlackElo "1668"]
[PlyCount "71"]
[GameId "2160767910718363"]
[EventDate "2007.02.19"]
[EventType "swiss"]
[EventRounds "5"]
[EventCountry "CAN"]
[SourceTitle "EXT 2022"]
[Source "ChessBase"]
[SourceDate "2021.10.06"]
[SourceVersion "1"]
[SourceVersionDate "2021.10.06"]
[SourceQuality "1"]

1. f4 Nc6 2. Nf3 d5 3. e3 Bf5 4. a3 e6 5. Bb5 Nge7 6. O-O f6 7. Nd4 h5 8. Nxf5 Nxf5 9. Be2 g6 10. b4 Qd6 11. Bb2 Be7 12. Nc3 O-O-O 13. Na4 Qd7 14. Nc5 Bxc5 15. bxc5 e5 16. Rb1 Qe7 17. c3 Qxc5 18. d4 exd4 19. cxd4 Qe7 20. Bc1 Nxe3 21. Qb3 Nxf1 22. Qxb7+ Kd7 23. Bb5 Qd6 24. a4 Rb8 25. Qa6 Rb6 26. Qa5 Nxh2 27. Kxh2 g5 28. Qc3 a6 29. Bd3 Rxb1 30. Bxb1 gxf4 31. Bf5+ Kd8 32. Ba3 Nxd4 33. Bxd6 Nxf5 34. Qxc7+ Ke8 35. Qc8+ Kf7 36. Qxf5 1-0

[Event "Charlesbourg Khalif"]
[Site "Charlesbourg CAN"]
[Date "2007.02.26"]
[Round "3"]
[White "Gago, Nelson"]
[Black "Cote, Jocelyn"]
[Result "1-0"]
[WhiteElo "1961"]
[BlackElo "1848"]
[PlyCount "57"]
[GameId "2160767910718364"]
[EventDate "2007.02.19"]
[EventType "swiss"]
[EventRounds "5"]
[EventCountry "CAN"]
[SourceTitle "EXT 2022"]
[Source "ChessBase"]
[SourceDate "2021.10.06"]
[SourceVersion "1"]
[SourceVersionDate "2021.10.06"]
[SourceQuality "1"]

1. e4 c5 2. Nf3 d6 3. d4 cxd4 4. Nxd4 Nf6 5. Nc3 a6 6. a4 Nc6 7. g3 g6 8. Bg2 Bg7 9. Nxc6 bxc6 10. e5 Nd5 11. Nxd5 cxd5 12. Qxd5 Rb8 13. exd6 Bb7 14. Qxb7 Rxb7 15. Bxb7 Qa5+ 16. Kf1 Qb6 17. Bf3 Qxd6 18. Kg2 O-O 19. c3 Rb8 20. Re1 e6 21. h4 h6 22. Re2 Rb3 23. Rd2 Qc7 24. Rd3 h5 25. Bf4 Be5 26. Bg5 Rxb2 27. Rad1 Rb8 28. Re3 Kg7 29. Rxe5 1-0

[Event "Charlesbourg Khalif"]
[Site "Charlesbourg CAN"]
[Date "2007.02.26"]
[Round "3"]
[White "Laflamme, Simon"]
[Black "Champetier, Serge"]
[Result "0-1"]
[WhiteElo "1938"]
[BlackElo "2096"]
[PlyCount "82"]
[GameId "2160767910718365"]
[EventDate "2007.02.19"]
[EventType "swiss"]
[EventRounds "5"]
[EventCountry "CAN"]
[SourceTitle "EXT 2022"]
[Source "ChessBase"]
[SourceDate "2021.10.06"]
[SourceVersion "1"]
[SourceVersionDate "2021.10.06"]
[SourceQuality "1"]

1. e4 c5 2. Nf3 Nc6 3. d4 cxd4 4. Nxd4 Nf6 5. Nc3 d6 6. Bc4 Qb6 7. Nde2 a6 8. O-O e6 9. Bb3 Be7 10. Bg5 Bd7 11. Ng3 Na5 12. Na4 Qc7 13. Nh5 Rg8 14. Nxf6+ gxf6 15. Be3 Nxb3 16. cxb3 b5 17. Rc1 Qb7 18. Nb6 Qxe4 19. g3 Rd8 20. Nxd7 Kxd7 21. Rc3 Rc8 22. f3 Qb7 23. Rxc8 Rxc8 24. Qd3 f5 25. Bf4 Ke8 26. g4 fxg4 27. fxg4 Bf6 28. Be3 Ke7 29. Qxh7 Rh8 30. Qc2 Rh4 31. Qe2 Qe4 32. Rf4 Qb1+ 33. Kg2 Qh7 34. Bg1 Be5 35. Re4 Bxb2 36. Re3 Bd4 37. Rg3 Be5 38. Rd3 Rxg4+ 39. Qxg4 Qxd3 40. Qg5+ Bf6 41. Qg8 Qg6+ 0-1

[Event "Charlesbourg Khalif"]
[Site "Charlesbourg CAN"]
[Date "2007.02.26"]
[Round "3"]
[White "Servant, Michel"]
[Black "Plante, Rejean"]
[Result "0-1"]
[WhiteElo "1669"]
[BlackElo "2108"]
[PlyCount "86"]
[GameId "2160767910718366"]
[EventDate "2007.02.19"]
[EventType "swiss"]
[EventRounds "5"]
[EventCountry "CAN"]
[SourceTitle "EXT 2022"]
[Source "ChessBase"]
[SourceDate "2021.10.06"]
[SourceVersion "1"]
[SourceVersionDate "2021.10.06"]
[SourceQuality "1"]

1. c4 g6 2. g3 Bg7 3. Bg2 c5 4. Nc3 Nc6 5. Nf3 d6 6. O-O Bg4 7. d3 Nf6 8. Bg5 O-O 9. h3 Bd7 10. Qd2 Re8 11. Rad1 Rb8 12. d4 cxd4 13. Nxd4 Qc8 14. Nxc6 bxc6 15. Kh2 Be6 16. b3 Nd7 17. e4 Qa6 18. Ne2 Nf8 19. Nd4 Bd7 20. Nf3 c5 21. Rfe1 Bc6 22. Re2 Qb7 23. Rde1 Ne6 24. Bh6 Bh8 25. Qd3 a5 26. h4 a4 27. bxa4 Ra8 28. h5 Rxa4 29. Bh3 Nd4 30. Nxd4 Bxd4 31. hxg6 hxg6 32. e5 dxe5 33. Rxe5 Rxa2 34. Be6 Rxf2+ 35. Kh3 Bg2+ 36. Kh4 Kh7 37. Rh5 Bf6+ 38. Bg5+ Kg7 39. Bxf7 Be4 40. Rxe4 Rh2+ 41. Kg4 gxh5+ 42. Bxh5 Qc8+ 43. Kf3 Qf5+ 0-1

[Event "Charlesbourg Khalif"]
[Site "Charlesbourg CAN"]
[Date "2007.03.05"]
[Round "4"]
[White "Champetier, Serge"]
[Black "Beaudoin, Stephane"]
[Result "0-1"]
[WhiteElo "2096"]
[BlackElo "2020"]
[PlyCount "58"]
[GameId "2160767910718367"]
[EventDate "2007.02.19"]
[EventType "swiss"]
[EventRounds "5"]
[EventCountry "CAN"]
[SourceTitle "EXT 2022"]
[Source "ChessBase"]
[SourceDate "2021.10.06"]
[SourceVersion "1"]
[SourceVersionDate "2021.10.06"]
[SourceQuality "1"]

1. e4 d5 2. exd5 Nf6 3. d4 Nxd5 4. Nf3 g6 5. c4 Nb6 6. a4 Bg7 7. a5 N6d7 8. Nc3 O-O 9. Be2 e5 10. d5 Na6 11. O-O Ndc5 12. Be3 Qe7 13. d6 cxd6 14. Nd5 Qd8 15. b4 Ne6 16. b5 Nac5 17. h4 Bd7 18. Ra3 Nc7 19. Nc3 Be6 20. Qd2 Qe7 21. Rd1 Rad8 22. Nd5 Nxd5 23. cxd5 Bg4 24. g3 Rc8 25. b6 a6 26. Qb4 e4 27. Nd4 Bxe2 28. Nxe2 Nd3 29. Qa4 Nb2 0-1